Arte y vida (Record no. 10512)

MARC details
000 -CABECERA
campo de control de longitud fija 01105nam a2200265 a 4500
001 - NÚMERO DE CONTROL
campo de control BRL_1704
005 - FECHA Y HORA DE LA ÚLTIMA TRANSACCIÓN
campo de control 20190320211330.0
008 - DATOS DE LONGITUD FIJA--INFORMACIÓN GENERAL
campo de control de longitud fija 270514s1988----ve-abo####---#000-0#spa-#
020 ## - NÚMERO INTERNACIONAL ESTÁNDAR DEL LIBRO
Número Internacional Estándar del Libro 9806057074
041 ## - CÓDIGO DE LENGUA
Código de lengua del texto/banda sonora o título independiente spa
044 ## - CÓDIGO DEL PAÍS DE LA ENTIDAD EDITORA/PRODUCTORA
Código MARC del país ve
050 #4 - SIGNATURA TOPOGRÁFICA DE LA BIBLIOTECA DEL CONGRESO
Número de clasificación GN301.A43
Número de documento/Ítem .M87 1988
110 2# - ENTRADA PRINCIPAL--NOMBRE DE ENTIDAD CORPORATIVA
Nombre de entidad corporativa o nombre de jurisdicción como elemento de entrada Museo Etnológico Monseñor Enzo Ceccarelli
9 (RLIN) 27677
245 10 - MENCIÓN DE TÍTULO
Título Arte y vida
Resto del título catálogo del Museo Etnológico ´Mons. Enzo Ceccarelli´ (Territorio Federal Amazonas)
Mención de responsabilidad, etc. redacción y selección de textos y rótulos Alejandro J. Signi Sánchez ; fotografías Tom Osso...[et al.] ; ilustraciones Juan Domínguez.
260 ## - PUBLICACIÓN, DISTRIBUCIÓN, ETC.
Lugar de publicación, distribución, etc. Caracas, Venezuela
Nombre del editor, distribuidor, etc. Vicariato Apostólico de Puerto Ayacucho
Fecha de publicación, distribución, etc. 1988
300 ## - DESCRIPCIÓN FÍSICA
Extensión 233 p.
Otras características físicas il., mapas, fotografías
Dimensiones 23 cm.
500 ## - NOTA GENERAL
Nota general Au2132
610 24 - PUNTO DE ACCESO ADICIONAL DE MATERIA--NOMBRE DE ENTIDAD CORPORATIVA
Nombre de entidad corporativa o nombre de jurisdicción como elemento de entrada Museo Etnológico Monseñor Enzo Ceccarelli (Amazonas : Venezuela)
Subdivisión de forma Catalogos
9 (RLIN) 27678
650 14 - PUNTO DE ACCESO ADICIONAL DE MATERIA--TÉRMINO DE MATERIA
Término de materia o nombre geográfico como elemento de entrada Indígenas de América del Sur
Subdivisión geográfica Amazonas (Venezuela)
9 (RLIN) 27679
700 1# - PUNTO DE ACCESO ADICIONAL--NOMBRE DE PERSONA
Nombre de persona Signi Sáncgez, Alejandro J.
9 (RLIN) 27680
700 1# - PUNTO DE ACCESO ADICIONAL--NOMBRE DE PERSONA
Nombre de persona Osso, Tom
Término indicativo de función/relación il.
9 (RLIN) 27681
700 1# - PUNTO DE ACCESO ADICIONAL--NOMBRE DE PERSONA
Nombre de persona Domínguez, Juan
Término indicativo de función/relación il.
9 (RLIN) 27682
902 ## - CATALOGADOR
Iniciales GRL
942 ## - ELEMENTOS DE PUNTO DE ACCESO ADICIONAL (KOHA)
Fuente del sistema de clasificación o colocación Library of Congress Classification
Tipo de ítem Koha Libros
Holdings
Estado de retiro Estado de pérdida Estado dañado No para préstamo Localización permanente Ubicación/localización actual Fecha de adquisición Número de inventario Total de préstamos Signatura topográfica completa Código de barras Fecha visto por última vez Precio válido a partir de Tipo de ítem Koha
El ejemplar forma parte de la colección y puede ser consultado según las políticas vigentes.       Biblioteca Centro de Estudios Ruth D. Lechuga Biblioteca Centro de Estudios Ruth D. Lechuga 27/05/2014 Au2132   GN301.A43 .M87 1988 (Au2132) GRL01870 22/03/2019 22/03/2019 Libros